1982 1551 1843 1864 1836 1772 1240 1031 1002 1241 1880 1764 1358 1518 1356 1824 1780 1607 1960 1010 1136 1818 1335 1288 1560 1897 1813 1575 1256 1777 1049 1951 1975 1451 1027 1729 1244 1541 1395 1918 1357 1394 1475 1341 1061 1344 1718 1940 1852 1625 1853 1041 1901 1677 1411 1250 1409 1939 1612 1616 1398 1784 1254 1807 1114 1984 1787 1064 1609 1983 1337 1789 1877 1631 1007 1162 1206 1521 1670 1567 1761 1752 1576 1234 1559 1204 1449 1643 1721 1815 1520 1134 1923 1187 1984 1377 1304 1292 1946 BCNSPRNW ULIB Ver.6.0+V

เปลี่ยนเป็นภาษาไทย

Change to English
 แสดงรายละเอียดบรรณานุกรม
  กลับหน้าหลัก

Brief Record : Get Marc (ISO 2709) : E-mail record : QR code < ปิดหน้าต่าง
LEADER : 00000nam 2200000uu 4500
001    13399121901
003     ULIB
008    121213s2550||||th 000 0 tha d
020    ^a9789748380674(ล.35)
060 04 ^aWO100^bป364ศ ล.35 2550
245 00 ^aศัลยศาสตร์วิวัฒน์ 35 :^bControversies and current concepts in surgery /^cบรรณาธิการ, ประยุทธ ศิริวงษ์, เพชร เกษตรสุวรรณ, ชาญชัย นิมิตรวานิช
246 30 ^aControversies in current concepts in surgery
250    ^aพิมพ์ครั้งที่ 1
260    ^aกรุงเทพฯ :^bโฆสิตการพิมพ์,^c[2550]
300    ^a436 หน้า :^bภาพประกอบ ;^c22 ซม.
650  7 ^aศัลยศาสตร์
653    ^aผลงานอาจารย์คณะแพทยศาสตร์ศิริราชพยาบาล
700 0  ^aประยุทธ ศิริวงษ์,^eบรรณาธิการ
700 0  ^aเพชร เกษตรสุวรรณ,^eบรรณาธิการ
700 0  ^aชาญชัย นิมิตรวานิช,^eบรรณาธิการ
945    ^p700^l0^i14338
995    ^aทศพร
999    ^aทศพร เกษรทอง
รายการนี้ยังไม่มีแท็ก
คุณยังไม่ได้ล็อกอิน คุณสามารถมีกิจกรรมร่วมกับเว็บไซต์ได้ แต่ต้องล็อกอินก่อน ::
  ล็อกอิน

รายการสื่อสารสนเทศ

ลำดับที่ ประเภท เลขเรียก/บาร์โค้ด สถานที่ สถานะ
1. วิทยาศาสตร์การแพทย์ และสุขภาพ
วิทยาศาสตร์การแพทย์ และสุขภาพ
WO100 ป364ศ ล.35 2550 ฉ.1 
  Barcode: 14338
ห้องสมุดวิทยาเขตสวรรค์ประชารักษ์
►ส่วนจัดเก็บหนังสือเก่า สปร
บนชั้น
  ขอยืม

รายการใกล้เคียง
    หัวเรื่อง [ศัลยศาสตร์]

BibComment


ยังไม่เคยถูกคอมเมนท์

คอมเมนท์ทรัพยากรรายการนี้
  คอมเมนท์: ศัลยศาสตร์วิวัฒน..


 Copyright 2026. Bcnsprnw @Library